|
|
|
|
| LEADER |
00000nam0a2200000 4500 |
| 001 |
321579 |
| 005 |
20231102003405.0 |
| 035 |
|
|
|a (RuTPU)RU\TPU\book\347135
|
| 090 |
|
|
|a 321579
|
| 100 |
|
|
|a 20160830d1968 m y0rusy50 ca
|
| 101 |
0 |
|
|a rus
|
| 102 |
|
|
|a RU
|
| 105 |
|
|
|a a z 000zy
|
| 200 |
1 |
|
|a Красота и стандарт
|f Г. Б. Борисовский
|
| 210 |
|
|
|a Москва
|c Изд-во стандартов
|d 1968
|
| 215 |
|
|
|a 142 с.
|c ил.
|
| 606 |
1 |
|
|a Стандартизация
|2 stltpush
|3 (RuTPU)RU\TPU\subj\67652
|9 83373
|
| 610 |
1 |
|
|a стандарты
|
| 610 |
1 |
|
|a качество
|
| 610 |
1 |
|
|a красота
|
| 610 |
1 |
|
|a теория
|
| 610 |
1 |
|
|a история
|
| 610 |
1 |
|
|a пропорции
|
| 610 |
1 |
|
|a чертежи
|
| 610 |
1 |
|
|a серийность
|
| 610 |
1 |
|
|a стандартные элементы
|
| 610 |
1 |
|
|a абстракция
|
| 610 |
1 |
|
|a совершенство
|
| 675 |
|
|
|a 006
|v 4
|
| 700 |
|
1 |
|a Борисовский
|b Г. Б.
|g Георгий Борисович
|
| 801 |
|
1 |
|a RU
|b 63413507
|c 20160830
|
| 801 |
|
2 |
|a RU
|b 63413507
|c 20160914
|g RCR
|
| 942 |
|
|
|c BK
|